Estudio del tratamiento lagunar de los lodos provenientes de tanques sépticos domésticos
محفوظ في:
| المؤلف الرئيسي: | |
|---|---|
| التنسيق: | كتاب |
| منشور في: |
San José, C.R.
1997
|
| الموضوعات: | |
| الوسوم: |
إضافة وسم
لا توجد وسوم, كن أول من يضع وسما على هذه التسجيلة!
|
MARC
| LEADER | 00000nam a2200000Ia 4500 | ||
|---|---|---|---|
| 003 | 008200 | ||
| 005 | 20221231144231.0 | ||
| 008 | 140114s1997 cr a m 000 ||s d | ||
| 040 | |c cru CEDI | ||
| 090 | |a TFG 3663 | ||
| 100 | |a Chinchilla González, Jesús Manuel |9 9499 | ||
| 245 | |a Estudio del tratamiento lagunar de los lodos provenientes de tanques sépticos domésticos | ||
| 260 | |c 1997 |a San José, C.R. | ||
| 300 | |a ix, [119] hojas : ilustraciones | ||
| 500 | |a Proyecto de graduación (licenciatura en ingeniería civil)--Universidad de Costa Rica. Facultad de Ingeniería. Escuela de Ingeniería Civil | ||
| 650 | |x LODOS RESIDUALES |x PURIFICACION DE AGUAS RESIDUALES |x TANQUES SEPTICOS |9 9500 | ||
| 942 | |c TFG | ||
| 999 | |c 18841 |d 18841 | ||
